000 00942nam a22002297a 4500
005 20240530110545.0
008 160117s2013 ua a g b 000 0 ara d
017 _a2012/22972
_bمصر . دار الكتب المصرية
020 _a9789774383545
040 _aEG-CaGPL
082 0 4 _221
_a362.0425\
_bر خ
100 0 _aرافت عبدالرحمن محمد .
245 1 2 _aالخدمة الاجتماعية العيادية نحو نظرية للتدخل المهنى مع الافراد و الاسر /
_cرافت عبدالرحمن محمد .
250 _aط1.
260 _aالاسكندرية :
_bالمكتب الجامعى الحديث ،
_c2013 .
300 _a497 ص ؛
_c24 سم .
504 _aيشتمل على ارجاعات ببليوجرافية
650 0 4 _aالخدمة الاجتماعية .
650 0 4 _aالعلاج بالقراءة .
942 _2ddc
_cBK
999 _c62335
_d62335